000 01099nam0a22002651 4500
001 rc\642546
005 20031121164751.2
035 _a(NLR Aleph) 005883689
090 _a6104641
_c6104641
100 _a20031121d1986 u |0rusy50 ca
101 0 _arus
102 _aRU
105 _aa |||||||||
200 1 _aИнформационно-измерительные комплексы
_e(Задачи, структуры, алгоритмы)
_eУчеб. пособие
_fВ.М. Полубояров, И.Л. Тарасова, А.С. Карамайкин
_gЛенингр. ин-т авиац. приборостроения
210 _aЛ.
_cЛИАП
_d1986
215 _a80 с.
_cил.
_d21
320 _aБиблиогр.: с. 77-78 (33 назв.)
700 1 _aПолубояров
_bВ. М.
_gВладимир Михайлович
701 1 _aТарасова
_bИ. Л.
_gИрина Львовна
701 1 _aКарамайкин
_bА. С.
_gАнатолий Степанович
801 0 _aRU
_bNLR
_gpsbo
801 1 _aRU
_bELAR
_2rusmarc
852 _aNLR
_j87-4/2264
942 _cBOOK
980 _aNB